| 000 | 00688nam a22001937a 4500 | ||
|---|---|---|---|
| 999 |
_c6390 _d6390 |
||
| 003 | AR-CdUCM | ||
| 008 | 190313b ||||| |||| 00| 0 spa d | ||
| 040 |
_aMUNICIPALIDAD PROVINCIAL DEL CUSCO _cBIBLIOTECA MUNICIPAL DEL CUSCO |
||
| 082 |
_a784.4985 / _bC29 |
||
| 100 |
_aCarpio Muñoz, Juan Guillermo _918193 |
||
| 245 |
_aEl yaraví arequipeño : _bun estudio histórico-social y un cancionero / |
||
| 260 |
_a[Arequipa : _bTalls. La Colmena Impresores Edit S.C.R, _c1976 |
||
| 300 |
_a247 páginas ; _bilustraciones, mapas, _c20 cm. |
||
| 500 | _aCon dedicatoria autógrafa | ||
| 650 |
_aYaraví _918194 |
||
| 650 |
_aHistoria y Crítica _95993 |
||
| 942 |
_2ddc _cLIBROS |
||
| 945 | _araen | ||